00958 2200313 4500001002100000005001500021035002000036007000300056008004100059020002200100040002200122082001800144084002000162090002400182100002900206245004600235250002400281300004400305500005800349850001200407041000800419651003400427264006500461336002100526337003000547338002300577546002400600990002000624INLIS00000000085332820191202104345 a0010-1219000014ta191202s2014 jiia g | d a978-602-777-787-3 aYOPDYOGbinderda04223a959.82812 a959.82812 GAN b aBTR 959.82812 GAN b1 aGandawardaya, Repenulis12aBabad Pacitan /cpenulis, R. Gandawardaya aCetakan kedua, 2014 aviii, 131 halaman :bilustrasi ;c21 cm aDiterbitkan bekerjasama dengan Azzagrafika Yogyakarta aYOPDYOG ajav 4aPacitan Jawa Timur--xSejarah aBojonegoro :bPamarsudi Sastra Jawi Bojonegoro (PSJB),c2014 2rdacontentateks 2rdamediaatanpa perantara 2rdacarrieravolume aTeks berbahasa Jawa a64926-PD/A.2019